000 00589nam a2200193Ia 4500
008 191130s2003##################000#0#eng##
020 _a9780761962106
040 _aACL
_cACL
082 _a302 HEP
100 _aHepburn, Alexa
245 _aAn introduction to critical social psychology
_cAlexa Hepburn
260 _aThousand Oaks, CA
_bSAGE
_c2003
300 _aix, 278 p. : ill. ; 25 cm
500 _aIncludes bibliographical references (p. 249-268) and index
650 _aSocial psychology
990 _abe384c6dac10000c5512f556b7d092e4
991 _a230662
999 _c368682
_d368682